| 000 | 00535nam a2200193Ia 4500 | ||
|---|---|---|---|
| 003 | GCL | ||
| 008 | 140319s9999 xx 000 0 eng d | ||
| 040 |
_aGCL / _cGCL |
||
| 082 | 0 | 4 |
_a387.736 _bU A |
| 100 | 1 | _aU.S DEPARTMENT OF TRANSPORTAION | |
| 245 | 1 | 0 |
_aAIRPORT CAREERS / _cU.S DEPARTMENT OF TRANSPORTAION |
| 260 |
_a[S.N] : _bU.S DEPARTMENT OF TRANSPORTATION |
||
| 300 |
_a24 CM ؛ _c9 P |
||
| 490 |
_aAVIATION CAREERS SERIES _v0 |
||
| 650 | 0 | 4 | _aAVIATION |
| 650 | 0 | 4 | _aAIRPORT |
| 650 | 0 | 4 | _aAIRPORT - U.S.A |
| 942 |
_2ddc _cBK |
||
| 999 |
_c15503 _d15503 |
||